Možnosti financovania vybraného podnikateľského subjektu (aplikácia na drevospracujúci priemysel) diplomová práca

Na minha lista:
Detalhes bibliográficos
Autor principal: Valocká, Lucia
Autor Corporativo: Národohospodárska fakulta EU. Katedra financií
Outros Autores: Šabíková, Ingrid
Formato: Livro
Idioma:eslovaco
Publicado em: Bratislava 2010
Tags: Adicionar Tag
Sem tags, seja o primeiro a adicionar uma tag!

MARC

LEADER 00000nam$a2200000$$$4500
001 0119085
005 20240318122802.3
041 0 |a slo 
044 |a SK 
245 1 0 |a Možnosti financovania vybraného podnikateľského subjektu (aplikácia na drevospracujúci priemysel)  |b diplomová práca  |c Lucia Valocká ; škol. Ingrid Šabíková 
264 1 |a Bratislava  |c 2010 
300 |a 84 s. 
100 1 |a Valocká, Lucia 
700 1 |a Šabíková, Ingrid 
710 2 |a Národohospodárska fakulta EU. Katedra financií